Money and the church. (Record no. 3026)

MARC details
000 -LEADER
fixed length control field 00576nam a22002171 4500
001 - CONTROL NUMBER
control field 3585152
003 - CONTROL NUMBER IDENTIFIER
control field GBCCL
005 - DATE AND TIME OF LATEST TRANSACTION
control field 20241126110445.0
008 - FIXED-LENGTH DATA ELEMENTS--GENERAL INFORMATION
fixed length control field 790611s1962 nyu 000 0 eng
010 ## -
-- 62011030
040 ## - CATALOGING SOURCE
Original cataloging agency DLC
Transcribing agency DLC
Modifying agency DLC
050 00 -
-- BV770
-- .P6
082 00 - DEWEY DECIMAL CLASSIFICATION NUMBER
Classification number 254.8
Item number POW
100 1# - MAIN ENTRY--PERSONAL NAME
Personal name Powell, Luther P.
9 (RLIN) 6287
245 10 - TITLE STATEMENT
Title Money and the church.
260 ## - PUBLICATION, DISTRIBUTION, ETC.
Place of publication, distribution, etc. New York,
Name of publisher, distributor, etc. Association Press
Date of publication, distribution, etc. [1962]
300 ## - PHYSICAL DESCRIPTION
Extent 252 p.
Dimensions 21 cm.
650 #0 - SUBJECT ADDED ENTRY--TOPICAL TERM
Topical term or geographic name entry element Church finance
General subdivision History.
9 (RLIN) 6288
906 ## - LOCAL DATA ELEMENT F, LDF (RLIN)
a 7
b cbc
c orignew
d u
e ocip
f 19
g y-gencatlg
942 ## - ADDED ENTRY ELEMENTS (KOHA)
Source of classification or shelving scheme Dewey Decimal Classification
Koha item type Books
Holdings
Withdrawn status Lost status Source of classification or shelving scheme Damaged status Not for loan Home library Current Library Shelving location Date acquired Total checkouts Full call number Barcode Date last seen Copy number Price effective from Koha item type
    Dewey Decimal Classification     GRACE BIBLE COLLEGE GRACE BIBLE COLLEGE Ministry & Mission 2017-10-12   254.8 POW 006534 2025-05-01 c.1 2017-10-12 Books
© Grace Bible College Library 2025